Exploratory data analysis and structuralization in database systems

Gespeichert in:
Bibliographische Detailangaben
1. Verfasser: Špánik, Ondrej (Verfasst von)
Weitere Verfasser: Kováčová, Monika (Betreuung Doktorarbeit)
Format: Manuskript Buch
Sprache:Slowakisch
Englisch
Veröffentlicht: 2024
Schlagworte:
Online-Zugang:http://is.stuba.sk/zp/portal_zp.pl?podrobnosti=155182
Tags: Tag hinzufügen
Keine Tags, Fügen Sie das erste Tag hinzu!

MARC

LEADER 00000ntm a22000003a 4500
001 stuzp92390
003 SK-STU
005 20240615210313.3
007 ta
008 150427s2015----xo-----f-mn---000-0-slo-d
040 |a STU  |b slo 
041 0 |a eng 
100 1 |a Špánik, Ondrej  |u 070200  |4 aut  |U FIIT Fakulta informatiky a informačných technológií  |T FIIT Ústav informatiky, informačných systémov a softvérového inžinierstva  |X 103151  |U I200  |Y 179  |7 103151 
242 0 1 |a Exploratívna analýza údajov v databázach  |y slo 
245 1 0 |a Exploratory data analysis and structuralization in database systems 
260 |c 2024 
650 4 |a PHP  |2 slo 
650 4 |a Docker  |2 slo 
650 4 |a Postgres  |2 slo 
650 4 |a PHP  |2 eng 
650 4 |a Postgres  |2 eng 
650 4 |a Docker  |2 eng 
700 1 |a Kováčová, Monika  |u 070200  |k Z1  |4 ths  |U FIIT Fakulta informatiky a informačných technológií  |T FIIT Ústav informatiky, informačných systémov a softvérového inžinierstva  |X 2333  |U I200  |Y 179  |7 A000002333 
856 4 |u http://is.stuba.sk/zp/portal_zp.pl?podrobnosti=155182